Statistics for Second Most Common Language by European Country

Click here to take the quiz!

General Stats

  • This quiz has been taken 368 times
  • The average score is 16 of 23

Answer Stats

Language% Correct
Spanish
99%
French
98%
Russian
96%
English
95%
German
94%
Italian
92%
Swedish
90%
Greek
86%
Serbian
85%
Romani
80%
Polish
76%
Slovak
75%
Turkish
75%
Arabic
74%
Croatian
74%
Hungarian
73%
Albanian
62%
Romanian
54%
Catalan
49%
Welsh
29%
Tatar
27%
Montenegrin
26%
Sardinian
15%

Score Distribution

Percentile by Number Answered

Percent of People with Each Score

Your Score History

You have not taken this quiz